000
00282nam a22001337a 4500
003
SGT
020
_a
9780670088249
082
_a
320
_b
E18P
100
_a
PRAKASH, GYAN
245
_a
EMERGENCY CHRONICLES
260
_b
PENGUIN RANDOME HOUSE
_c
2018
300
_a
439
942
_2
ddc
_c
BK
999
_c
28764
_d
28764